000
00294nam a22001337a 4500
008
171104b xxu||||| |||| 00| 0 eng d
020
_a
9780324663730
041
_a
eng
080
_a
330.722.6
100
_a
61
101
_a
KON
245
_a
PAYROLL ACCOUNTING
_c
BIEG, B.J
942
_2
udc
_c
BK
999
_c
37665
_d
37665